00721nam a22002057a 4500003000900000005001700009007000300026008004100029040002500070082001400095245004900109260008900158300002500247500004700272590002700319910001400346942001300360952012500373999001700498DO-SdBNP20221207142403.0ta110301s2006 dr a 000 0 spa d aDO-SdBNPbspacBNPHU 4axxxxbxxx00aFestival ACP :bÁfrica Caribe Pacífico / aSanto Domingo :bGrupo de Estados de África, del Caribe y del Pacífico,c[2006]. a38 p. :bil.c30 cm. aFolleto en español, ingles y francés.  aInventariado, 2022/ YL aYLockward 2ddccLF2 00102ddc51708DS-FaBNPHUbBNPHUcCTd2018-08-31eMirian Peraltal0oxxxx xxxp2022-5928r2022-12-07w2022-12-07yLF2 c53086d53086